[Event "2010 Trumpeter Classic Junior"]
[Site "Grande Prairie"]
[Date "2010.01.16"]
[Round "4"]
[White "Alton, North"]
[Black "Miller, David"]
[Result "1/2-1/2"]
[WhiteElo "1186"]
[BlackElo "1686"]
[Annotator "Pradzinski,Tim"]
[PlyCount "91"]
[EventDate "2010.01.16"]
[EventType "swiss"]
[EventRounds "5"]
[EventCountry "CAN"]

1. e4 c5 2. Nf3 d6 3. Bc4 Nf6 4. Nc3 g6 5. O-O Nxe4 6. Nxe4 d5 7. Bb5+ Bd7 8.
Nc3 Bxb5 9. Nxb5 Bg7 10. d4 a6 11. Nc3 cxd4 12. Nxd4 Qb6 13. Be3 Qxb2 14. Nxd5
O-O 15. Rb1 Qxa2 16. Nxe7+ Kh8 17. Rxb7 Rd8 18. Qb1 Qxb1 19. Rfxb1 Bxd4 20.
Bxd4+ Rxd4 21. Rxb8+ Rxb8 22. Rxb8+ Kg7 23. f3 Rd1+ 24. Kf2 Rd2+ 25. Kg3 Rxc2
26. Rg8+ Kf6 27. Nd5+ Ke6 28. Nb4 Rd2 29. Nxa6 Kf6 30. Nc5 Rd5 31. Ne4+ Ke7 32.
Rg7 h5 33. h4 Rf5 34. Ng5 Kf8 35. Rxf7+ Rxf7 36. Nxf7 Kxf7 37. Kf4 Ke6 38. Kg5
Kf7 39. g4 $2 {North missed the win in this position. Instead of playing g4,
he should have played Kh6 keeping the Black King out of the critical g7 square.
Here is how the game could have gone:} (39. Kh6 Kf6 40. g4 Kf7 41. g5 Ke7 42.
Kxg6 Ke6 43. Kxh5 Kf5 44. g6 Kf6 45. Kh6) 39... hxg4 40. fxg4 Kg7 41. h5 gxh5
42. Kxh5 Kh7 43. g5 Kg7 44. g6 Kg8 45. Kh6 Kh8 46. g7+ 1/2-1/2

[Event "2010 Trumpeter Classic Junior"]
[Site "Grande Prairie"]
[Date "2010.01.16"]
[Round "5"]
[White "Pradzinski, Alex"]
[Black "Alton, North"]
[Result "0-1"]
[WhiteElo "1230"]
[BlackElo "1186"]
[Annotator "Pradzinski,Tim"]
[PlyCount "78"]
[EventDate "2010.01.16"]
[EventType "swiss"]
[EventRounds "5"]
[EventCountry "CAN"]

1. e4 e5 2. d3 Bc5 3. Nf3 Nc6 4. Nc3 Nf6 5. Be2 O-O 6. O-O d5 7. a3 Be6 8. b4
dxe4 9. Nxe4 Nxe4 10. dxe4 Qxd1 11. Rxd1 Bd4 12. Nxd4 exd4 13. Bb5 Rad8 14.
Bxc6 bxc6 15. Bf4 Rd7 16. Rd2 Bc4 17. Rad1 Rfd8 18. Bg5 f6 19. Be3 d3 20. c3 a6
21. f3 Bb3 22. Rb1 Bc2 23. Rb2 h6 24. Kf2 Kh7 25. Bc5 Kg6 26. Ke3 f5 27. e5 Kg5
28. f4+ Kg4 29. Kf2 Kxf4 30. Be3+ Kxe5 31. Kf3 f4 32. Bxf4+ Kd5 $4 33. g4 $2 {
Rbxc2 would have been much better winning the Bishop and probably the game!} c5
34. g5 h5 35. g6 cxb4 36. Rxb4 Rd6 37. Bg5 Rf8+ 38. Bf4 Rxg6 39. c4+ Kc5 {
No more moves were recorded as North was under 5 minutes to play at this time.
North went on to get both his rooks on the Bishop and White couldn't defend it.
Black went up the Bishop and won the game in about 20 more moves. Well played
North and Alex. The game could have went the other way if Alex would have seen
that the Bishop was just sitting there unprotected at the end for 4 moremoves!}
0-1

[Event "2010 Northern Alberta Open"]
[Site "Edmonton"]
[Date "2010.02.20"]
[Round "1"]
[White "Haessel, Dale"]
[Black "Zeggelaar, Mike"]
[Result "0-1"]
[WhiteElo "2300"]
[BlackElo "1788"]
[PlyCount "52"]
[EventDate "2010.02.20"]
[EventType "swiss"]
[EventRounds "5"]
[EventCountry "CAN"]
[TimeControl "240+2"]

1. d4 Nf6 2. c4 g6 3. g3 Bg7 4. Bg2 c5 5. d5 d6 6. Nc3 Na6 7. e4 O-O 8. f4 e6
9. Nge2 Rb8 10. a4 Nc7 11. O-O a6 12. a5 b5 13. axb6 Rxb6 14. Qd3 Qe7 15. Na4
Rb8 16. e5 Nfe8 17. Be3 exd5 18. exd6 Nxd6 19. Bxc5 Bf5 20. Qa3 Qxe2 21. Bxd6
Bxb2 22. Nxb2 Rxb2 23. Qf3 Qxc4 24. Qa3 Qd4+ 25. Kh1 Qd2 26. Rg1 Be4 0-1

[Event "2010 Northern Alberta Open"]
[Site "Edmonton"]
[Date "2010.02.20"]
[Round "1"]
[White "Rekhson, Vladislav"]
[Black "White, Chris"]
[Result "1-0"]
[WhiteElo "2210"]
[BlackElo "1710"]
[PlyCount "59"]
[EventDate "2010.02.20"]
[EventType "swiss"]
[EventRounds "5"]
[EventCountry "CAN"]
[TimeControl "240+2"]

1. e4 e6 2. d4 d5 3. Nc3 dxe4 4. Nxe4 Nd7 5. Nf3 Ngf6 6. Nxf6+ Nxf6 7. Bd3 c5
8. O-O Qb6 9. c3 cxd4 10. Nxd4 Be7 11. Qe2 O-O 12. Bg5 Nd5 13. Bxe7 Nxe7 14. a4
Ng6 15. a5 Qd8 16. Qe4 f5 17. Qe3 f4 18. Qe4 e5 19. Bc4+ Kh8 20. Ne6 Bxe6 21.
Bxe6 Qe7 22. Bd5 Rab8 23. g3 Qd7 24. Rfe1 Rfd8 25. Rad1 Qb5 26. b4 Ne7 27. Bb3
Rxd1 28. Rxd1 Rf8 29. gxf4 exf4 30. Qxe7 1-0

[Event "2010 Northern Alberta Open"]
[Site "Edmonton"]
[Date "2010.02.20"]
[Round "2"]
[White "Newton, Geoff"]
[Black "Rekhson, Vladislav"]
[Result "1-0"]
[WhiteElo "1944"]
[BlackElo "2210"]
[PlyCount "79"]
[EventDate "2010.02.20"]
[EventType "swiss"]
[EventRounds "5"]
[EventCountry "CAN"]
[TimeControl "240+2"]

1. d4 Nf6 2. Nf3 d5 3. c4 e6 4. Nc3 Be7 5. e3 O-O 6. Bd3 b6 7. cxd5 exd5 8. O-O
Bb7 9. Ne5 Nbd7 10. f4 Ne4 11. Nxe4 dxe4 12. Bc4 Nxe5 13. fxe5 Bd5 14. Qb3 c6
15. Bd2 b5 16. Bxd5 cxd5 17. Bb4 Bxb4 18. Qxb4 Qg5 19. Qb3 Rac8 20. Rf4 Rc4 21.
Raf1 a6 22. Rf5 Qh6 23. h3 Qc6 24. Qd1 Rc2 25. Qh5 g6 26. Qg5 h6 27. Qg3 Rxb2
28. Rf6 Qc7 29. Rxa6 Rc2 30. Rff6 Rc3 31. Qf4 Kg7 32. h4 Qc8 33. Qg3 h5 34.
Rxg6+ fxg6 35. Qxg6+ Kh8 36. Qh6+ Kg8 37. Rg6+ Kf7 38. Rg7+ Ke8 39. Qg6+ Kd8
40. Qg5+ 1-0

[Event "2010 Northern Alberta Open"]
[Site "Edmonton"]
[Date "2010.02.20"]
[Round "2"]
[White "Pechenkin, Vladimir"]
[Black "MacLeod, Damon"]
[Result "1-0"]
[WhiteElo "2380"]
[BlackElo "1878"]
[PlyCount "51"]
[EventDate "2010.02.20"]
[EventType "swiss"]
[EventRounds "5"]
[EventCountry "CAN"]

1. f4 d5 2. Nf3 Nf6 3. e3 e6 4. b3 Be7 5. Bb2 a6 6. Be2 c5 7. O-O O-O 8. Ne5 d4
9. exd4 cxd4 10. Bd3 Nc6 11. Nxc6 bxc6 12. Qf3 Qb6 13. Na3 Bxa3 14. Bxa3 Rd8
15. Be7 Rd5 16. Bxf6 gxf6 17. Qg3+ Kf8 18. Qh4 Ke7 19. Qxh7 Bb7 20. Rae1 Rf8
21. Rf2 Qc5 22. Bc4 Rh5 23. Qg7 Bc8 24. d3 Qf5 25. g4 Rh7 26. Qxf8+ 1-0

[Event "2010 Northern Alberta Open"]
[Site "Edmonton"]
[Date "2010.02.20"]
[Round "3"]
[White "Newton, Geoff"]
[Black "Pechenkin, Vladimir"]
[Result "0-1"]
[WhiteElo "1944"]
[BlackElo "2380"]
[PlyCount "66"]
[EventDate "2010.02.20"]
[EventType "swiss"]
[EventRounds "5"]
[EventCountry "CAN"]

1. d4 f5 2. Nf3 e6 3. g3 Nf6 4. Bg2 Be7 5. c4 d6 6. Nc3 O-O 7. O-O a5 8. b3 Ne4
9. Bb2 Nxc3 10. Bxc3 Nd7 11. Qc2 c6 12. e4 f4 13. Bh3 e5 14. Bg2 fxg3 15. fxg3
Bf6 16. dxe5 dxe5 17. Rad1 Re8 18. Qb2 Qe7 19. Ne1 Nc5 20. Nd3 Bg4 21. Rd2 Bg5
22. Nxe5 Bxd2 23. Nxg4 Bxc3 24. Qxc3 Nxe4 25. Qc2 h5 26. Nf2 Nxf2 27. Rxf2 Rad8
28. Bf3 Qg5 29. Kg2 h4 30. g4 Re3 31. Be2 h3+ 32. Kh1 Qe5 33. Bf1 Rf8 0-1

[Event "2010 Northern Alberta Open"]
[Site "Edmonton"]
[Date "2010.02.21"]
[Round "4"]
[White "Razzaq, Ali"]
[Black "Rekhson, Vladislav"]
[Result "0-1"]
[WhiteElo "1921"]
[BlackElo "2210"]
[PlyCount "80"]
[EventDate "2010.02.20"]
[EventType "swiss"]
[EventRounds "5"]
[EventCountry "CAN"]
[TimeControl "240+2"]

1. c4 Nf6 2. Nc3 e5 3. Nf3 Nc6 4. g3 g6 5. Bg2 Bg7 6. O-O d6 7. a3 Bg4 8. b4
Qd7 9. Qa4 O-O 10. b5 Nd8 11. Ng5 h6 12. Nge4 Nxe4 13. Bxe4 Ne6 14. Bd5 Nc5 15.
Qc2 a6 16. e3 c6 17. bxc6 bxc6 18. Bg2 Rab8 19. a4 Bf5 20. e4 Be6 21. Ne2 f5
22. d3 f4 23. gxf4 exf4 24. Bxf4 Rb2 25. Qc1 Nb3 26. Qxb2 Bxb2 27. Rab1 Nd4 28.
Nxd4 Bxd4 29. Bxh6 Rf7 30. Rb8+ Kh7 31. Bg5 Bh3 32. Bh4 Qg4 33. Bg3 Bxf2+ 34.
Kh1 Bxg2+ 35. Kxg2 Qf3+ 36. Kh3 Qxd3 37. Rbb1 Rf3 38. Rb7+ Kh6 39. Kg2 Rxg3+
40. hxg3 Qxg3+ 0-1

[Event "2010 Northern Alberta Open"]
[Site "Edmonton"]
[Date "2010.02.21"]
[Round "4"]
[White "Zaczek, Jonathon"]
[Black "Pechenkin, Vladimir"]
[Result "0-1"]
[WhiteElo "2105"]
[BlackElo "2380"]
[PlyCount "80"]
[EventDate "2010.02.20"]
[EventType "swiss"]
[EventRounds "5"]
[EventCountry "CAN"]

1. e4 Nf6 2. e5 Nd5 3. d4 d6 4. Nf3 dxe5 5. Nxe5 c6 6. Bc4 Nd7 7. Nf3 N7b6 8.
Bb3 Bg4 9. h3 Bh5 10. O-O e6 11. c4 Nf6 12. Be3 Be7 13. Nbd2 O-O 14. Qe2 Nbd7
15. g4 Bg6 16. Ne5 Nxe5 17. dxe5 Bd3 18. Qf3 Nd7 19. Rfd1 Qc7 20. Bf4 Nc5 21.
Rac1 Rfd8 22. Bc2 Bxc2 23. Rxc2 Rd3 24. Qe2 Rad8 25. Rdc1 Rxh3 26. Bg3 Nd3 27.
Ra1 Nb4 28. Rc3 c5 29. Kg2 Rh6 30. f4 Nc6 31. Bf2 Nd4 32. Qe4 Rg6 33. g5 Nf5
34. Nb3 h6 35. Rh3 hxg5 36. Rah1 gxf4+ 37. Kf3 Nh6 38. Qxf4 Qc6+ 39. Ke2 Bg5
40. Qg4 Qxh1 0-1

[Event "2010 Northern Alberta Open"]
[Site "Edmonton"]
[Date "2010.02.21"]
[Round "5"]
[White "Pechenkin, Vladimir"]
[Black "Ristovic, Nenad"]
[Result "1-0"]
[WhiteElo "2380"]
[BlackElo "2262"]
[PlyCount "93"]
[EventDate "2010.02.20"]
[EventType "swiss"]
[EventRounds "5"]
[EventCountry "CAN"]
[TimeControl "240+2"]

1. Nf3 d5 2. g3 c6 3. Bg2 Bg4 4. b3 Nd7 5. Bb2 e6 6. O-O Ngf6 7. d3 Be7 8. Nbd2
O-O 9. h3 Bh5 10. e4 Nc5 11. e5 Nfd7 12. Qe2 a5 13. a4 Na6 14. g4 Bg6 15. Nd4
c5 16. Nb5 Qb6 17. f4 f5 18. exf6 Bxf6 19. Bxf6 Nxf6 20. Kh1 Nd7 21. f5 exf5
22. Bxd5+ Kh8 23. Nc4 Qf6 24. Bxb7 Rae8 25. Qg2 Nb4 26. Nbd6 Rb8 27. gxf5 Bf7
28. Nxf7+ Rxf7 29. Be4 Qc3 30. Rac1 Rbf8 31. Rg1 Nf6 32. Nxa5 Nxd3 33. Bxd3
Qxa5 34. Rce1 Nh5 35. Qg4 Nf6 36. Qf3 Qc3 37. Ref1 Re7 38. Rg3 Re1 39. Rxe1
Qxe1+ 40. Rg1 Qc3 41. Qg3 Ne8 42. Qe1 Qf6 43. a5 Qh6 44. Qg3 Qc6+ 45. Qg2 Qc7
46. a6 Qb6 47. Bb5 1-0

[Event "2010 Northern Alberta Open"]
[Site "Edmonton"]
[Date "2010.02.21"]
[Round "5"]
[White "Rekhson, Vladislav"]
[Black "Daniluk, Jim"]
[Result "1-0"]
[WhiteElo "2210"]
[BlackElo "2052"]
[PlyCount "61"]
[EventDate "2010.02.20"]
[EventType "swiss"]
[EventRounds "5"]
[EventCountry "CAN"]
[TimeControl "240+2"]

1. e4 c5 2. Nf3 Nc6 3. Nc3 e5 4. Bc4 Be7 5. d3 Nf6 6. Bg5 d6 7. h3 h6 8. Bxf6
Bxf6 9. Qd2 g5 10. Nd5 Bg7 11. c3 Ne7 12. Nh2 Ng6 13. Nf1 Nh4 14. Nfe3 h5 15.
O-O-O Bd7 16. g3 Nf3 17. Qe2 g4 18. hxg4 hxg4 19. Rxh8+ Bxh8 20. Rh1 Bg7 21.
Rh7 Kf8 22. Qf1 b5 23. Qh1 Kg8 24. Bxb5 Be6 25. Qh5 Qg5 26. Qxg5 Nxg5 27. Rh5
f6 28. Nc7 Rb8 29. Nxe6 Rxb5 30. Nxg5 fxg5 31. Rxg5 1-0

[Event "2010 Alberta Closed"]
[Site "Edmonton"]
[Date "2010.04.02"]
[Round "1"]
[White "Haessel, Dale"]
[Black "Nguyen, Kim"]
[Result "1-0"]
[WhiteElo "2282"]
[BlackElo "2170"]
[PlyCount "121"]
[EventDate "2010.04.02"]
[EventType "tourn"]
[EventRounds "5"]
[EventCountry "CAN"]

1. d4 Nf6 2. c4 g6 3. Nf3 Bg7 4. g3 O-O 5. Bg2 d6 6. Nc3 Nbd7 7. O-O e5 8. e4
c6 9. h3 Qb6 10. d5 cxd5 11. cxd5 Nc5 12. Qe2 Bd7 13. Nd2 Rfc8 14. Re1 Qa6 15.
Qxa6 Nxa6 16. Bf1 Nb4 17. Rb1 Nc2 18. Rd1 Nd4 19. Nc4 Ne8 20. Be3 Nc2 21. Bg5
f6 22. Rbc1 fxg5 23. Rxc2 g4 24. hxg4 Bxg4 25. Be2 Bxe2 26. Nxe2 b5 27. Ne3
Rxc2 28. Nxc2 Rc8 29. Nc3 a5 30. a3 Bh6 31. Kf1 Rc4 32. Ke2 Rc8 33. Kd3 Nc7 34.
b4 Bg5 35. bxa5 Ra8 36. Rb1 Rxa5 37. Rb3 Na6 38. Rxb5 Rxb5 39. Nxb5 Nc5+ 40.
Kc4 Nxe4 41. a4 Bd8 42. f3 Nc5 43. Kb4 Nb7 44. Ne3 Ba5+ 45. Ka3 Bb6 46. Nc4
Bc5+ 47. Kb3 h5 48. a5 Nxa5+ 49. Nxa5 g5 50. Nc4 h4 51. gxh4 gxh4 52. Nbxd6 h3
53. Ne4 h2 54. Ng3 Kg7 55. Kc3 Kg6 56. Nxe5+ Kg5 57. Nd3 Kh4 58. Nh1 Bd6 59.
Ndf2 Kg5 60. Ne4+ Kf4 61. Nxd6 1-0

[Event "2010 Alberta Closed"]
[Site "Edmonton"]
[Date "2010.04.02"]
[Round "1"]
[White "Pechenkin, Vladimir"]
[Black "Gardner, Robert"]
[Result "1-0"]
[WhiteElo "2434"]
[BlackElo "2320"]
[PlyCount "145"]
[EventDate "2010.04.02"]
[EventType "tourn"]
[EventRounds "5"]
[EventCountry "CAN"]

1. c4 g6 2. Nc3 Bg7 3. g3 d6 4. Bg2 e5 5. d3 Nc6 6. e4 f5 7. Nge2 Nf6 8. O-O
Be6 9. Nd5 Qd7 10. Bg5 O-O 11. Qd2 Nd8 12. Rad1 Bxd5 13. cxd5 Nf7 14. Bh4 h6
15. Bxf6 Bxf6 16. exf5 gxf5 17. d4 exd4 18. Nxd4 Bxd4 19. Qxd4 Ne5 20. f4 Ng4
21. Rfe1 Qg7 22. Qxg7+ Kxg7 23. Rc1 Rf7 24. Bf3 h5 25. h3 Nf6 26. Kf2 Rd8 27.
Re6 Rdd7 28. Rce1 Kf8 29. b4 Rde7 30. b5 b6 31. R1e3 Rxe6 32. Rxe6 Kg7 33. Re3
Rf8 34. Re7+ Rf7 35. Re3 Rf8 36. Rc3 Rc8 37. Ra3 Ra8 38. Rc3 Rc8 39. Ke3 Kg6
40. Kd4 Nd7 41. Re3 Nc5 42. Re7 a6 43. bxa6 Ra8 44. Be2 Nxa6 45. Bxa6 Rxa6 46.
Rxc7 Rxa2 47. Rc6 Ra4+ 48. Kd3 Ra3+ 49. Kc4 Rxg3 50. Rxd6+ Kf7 51. Kd4 Rxh3 52.
Rxb6 h4 53. Ke5 Rd3 54. Rf6+ Ke7 55. Rxf5 Re3+ 56. Kd4 Re1 57. Rh5 Rd1+ 58. Ke5
Rh1 59. Rh7+ Ke8 60. Ke6 Re1+ 61. Kf6 Rh1 62. d6 h3 63. f5 h2 64. Re7+ Kd8 65.
Rh7 Ke8 66. Re7+ Kd8 67. Re2 Kd7 68. Rd2 Ke8 69. d7+ Kd8 70. Kf7 Rf1 71. Rxh2
Rxf5+ 72. Ke6 Rf8 73. Rc2 1-0

[Event "2010 Alberta Closed"]
[Site "Edmonton"]
[Date "2010.04.02"]
[Round "1"]
[White "Reeve, Jeff"]
[Black "Li, Zhichao"]
[Result "1/2-1/2"]
[WhiteElo "2312"]
[BlackElo "2282"]
[PlyCount "82"]
[EventDate "2010.04.02"]
[EventType "tourn"]
[EventRounds "5"]
[EventCountry "CAN"]

1. e4 e5 2. Nf3 Nf6 3. Nxe5 d6 4. Nf3 Nxe4 5. Nc3 Nxc3 6. dxc3 Be7 7. Be3 Nc6
8. Qd2 a6 9. O-O-O Be6 10. Kb1 Bf6 11. Bd3 Qd7 12. Ng5 Bxg5 13. Bxg5 f6 14. Bf4
O-O-O 15. Rhe1 Bf5 16. Bf1 Rde8 17. f3 Rxe1 18. Rxe1 Re8 19. Rxe8+ Qxe8 20. b3
g5 21. Bg3 h5 22. h4 Qg6 23. Kb2 g4 24. fxg4 Qxg4 25. Qf2 Kb8 26. Be2 Qg6 27.
Bf3 Be4 28. Bxe4 Qxe4 29. Bf4 Ne7 30. g3 Ng6 31. Bd2 f5 32. Bf4 Ne5 33. Qd4
Qxd4 34. cxd4 Ng6 35. c4 Nxf4 36. gxf4 c5 37. d5 b5 38. Ka3 Kc7 39. Kb2 Kb6 40.
a3 a5 41. a4 b4 1/2-1/2

[Event "2010 Alberta Closed"]
[Site "Edmonton"]
[Date "2010.04.03"]
[Round "2"]
[White "Gardner, Robert"]
[Black "Reeve, Jeff"]
[Result "0-1"]
[WhiteElo "2320"]
[BlackElo "2312"]
[PlyCount "56"]
[EventDate "2010.04.02"]
[EventType "tourn"]
[EventRounds "5"]
[EventCountry "CAN"]

1. d4 d5 2. c4 c6 3. Nf3 Nf6 4. Nc3 e6 5. e3 Nbd7 6. Qc2 Bd6 7. g4 h6 8. Bd2
dxc4 9. Bxc4 b5 10. Be2 Bb7 11. Rg1 Rc8 12. h4 b4 13. Ne4 Nxe4 14. Qxe4 Qb6 15.
Ne5 Bxe5 16. dxe5 c5 17. Qf4 Qc7 18. Bb5 O-O 19. Bxd7 Qxd7 20. f3 f6 21. e4
fxe5 22. Qe3 a5 23. O-O-O Qb5 24. g5 h5 25. g6 Qc4+ 26. Kb1 Rxf3 27. Qg5 Bxe4+
28. Ka1 Ra3 0-1

[Event "2010 Alberta Closed"]
[Site "Edmonton"]
[Date "2010.04.03"]
[Round "2"]
[White "Haessel, Dale"]
[Black "Pechenkin, Vladimir"]
[Result "1/2-1/2"]
[WhiteElo "2282"]
[BlackElo "2434"]
[PlyCount "63"]
[EventDate "2010.04.02"]
[EventType "tourn"]
[EventRounds "5"]
[EventCountry "CAN"]

1. d4 f5 2. g3 Nf6 3. Bg2 e6 4. Nf3 Be7 5. c4 O-O 6. O-O d6 7. Nc3 a5 8. b3 Ne4
9. Bb2 Nxc3 10. Bxc3 Qe8 11. Re1 Qh5 12. e4 f4 13. Nd2 Qf7 14. e5 d5 15. Nf3
Nc6 16. Qe2 Nd8 17. Bd2 g5 18. gxf4 gxf4 19. Rac1 c6 20. Kh1 Kh8 21. Rg1 Qh5
22. Qf1 Bd7 23. Ne1 Be8 24. Bf3 Qh6 25. Nd3 Bg6 26. Qe2 Bg5 27. Rg4 Bf5 28. Rg2
Bh3 29. Rgg1 Bf5 30. Rg2 Bh3 31. Rgg1 Bf5 32. Rg2 1/2-1/2

[Event "2010 Alberta Closed"]
[Site "Edmonton"]
[Date "2010.04.03"]
[Round "2"]
[White "Nguyen, Kim"]
[Black "Li, Zhichao"]
[Result "0-1"]
[WhiteElo "2170"]
[BlackElo "2282"]
[PlyCount "68"]
[EventDate "2010.04.02"]
[EventType "tourn"]
[EventRounds "5"]
[EventCountry "CAN"]

1. e4 c5 2. Nf3 Nc6 3. d4 cxd4 4. Nxd4 g6 5. Nc3 Bg7 6. Be3 Nf6 7. Be2 O-O 8.
f4 d6 9. Nb3 Be6 10. O-O Na5 11. f5 Bd7 12. Qe1 Qc7 13. Bd4 Nxb3 14. axb3 Bc6
15. Qh4 Ne8 16. Bxg7 Kxg7 17. Rf3 Nf6 18. Raf1 Qa5 19. Rh3 h5 20. Rg3 Qe5 21.
Bd3 a5 22. Kh1 a4 23. bxa4 Bxa4 24. fxg6 fxg6 25. Rg5 Qe6 26. e5 Nh7 27. Rxf8
Rxf8 28. Rg3 Bxc2 29. Be2 Qxe5 30. Rf3 Rxf3 31. Bxf3 Qe3 32. h3 Nf6 33. Qb4 b6
34. Nb5 Be4 0-1

[Event "2010 Alberta Closed"]
[Site "Edmonton"]
[Date "2010.04.03"]
[Round "3"]
[White "Li, Zhichao"]
[Black "Gardner, Robert"]
[Result "1-0"]
[WhiteElo "2282"]
[BlackElo "2320"]
[PlyCount "47"]
[EventDate "2010.04.02"]
[EventType "tourn"]
[EventRounds "5"]
[EventCountry "CAN"]

1. d4 Nf6 2. c4 e6 3. Nf3 b6 4. g3 Bb7 5. Bg2 Be7 6. O-O O-O 7. Nc3 Ne4 8. Nxe4
Bxe4 9. Nh4 Bxg2 10. Nxg2 d5 11. Qa4 c6 12. Be3 Qd7 13. Rfc1 b5 14. cxb5 cxb5
15. Qa5 a6 16. a4 Bd8 17. Qc3 bxa4 18. Ne1 Qb5 19. Qc2 Bf6 20. Nd3 Nd7 21. Rxa4
a5 22. Qc6 Rfb8 23. Bf4 Rb6 24. Qxa8+ 1-0

[Event "2010 Alberta Closed"]
[Site "Edmonton"]
[Date "2010.04.03"]
[Round "3"]
[White "Pechenkin, Vladimir"]
[Black "Nguyen, Kim"]
[Result "1-0"]
[WhiteElo "2434"]
[BlackElo "2170"]
[PlyCount "49"]
[EventDate "2010.04.02"]
[EventType "tourn"]
[EventRounds "5"]
[EventCountry "CAN"]

1. c4 g6 2. Nc3 Bg7 3. g3 d6 4. Bg2 e5 5. d3 Nc6 6. e4 h5 7. h4 Bg4 8. f3 Be6
9. Nge2 Nd4 10. Nxd4 exd4 11. Nd5 Be5 12. Kf2 c6 13. Nf4 Bd7 14. Bd2 Ne7 15. b4
f5 16. Rc1 Qc7 17. Qb3 O-O-O 18. Nd5 Nxd5 19. cxd5 Kb8 20. f4 Bg7 21. dxc6 bxc6
22. exf5 Qb6 23. fxg6 Rde8 24. Qf7 Qb7 25. Rhe1 1-0

[Event "2010 Alberta Closed"]
[Site "Edmonton"]
[Date "2010.04.03"]
[Round "3"]
[White "Reeve, Jeff"]
[Black "Haessel, Dale"]
[Result "1/2-1/2"]
[WhiteElo "2312"]
[BlackElo "2282"]
[PlyCount "50"]
[EventDate "2010.04.02"]
[EventType "tourn"]
[EventRounds "5"]
[EventCountry "CAN"]

1. e4 e5 2. Nf3 Nf6 3. d4 Nxe4 4. Bd3 d5 5. Nxe5 Be7 6. O-O O-O 7. c4 c6 8. Nc3
Nxc3 9. bxc3 dxc4 10. Bxc4 Nd7 11. Nxd7 Bxd7 12. Qf3 Qc7 13. Bf4 Bd6 14. Bxd6
Qxd6 15. Rfe1 b5 16. Bb3 Be6 17. Bxe6 fxe6 18. Qe3 Rfe8 19. h4 a5 20. a3 Rad8
21. Qe5 Qe7 22. Re4 Rd5 23. Qg3 c5 24. Rae1 Qd7 25. Qe3 cxd4 1/2-1/2

[Event "2010 Alberta Closed"]
[Site "Edmonton"]
[Date "2010.04.04"]
[Round "4"]
[White "Haessel, Dale"]
[Black "Li, Zhichao"]
[Result "1-0"]
[WhiteElo "2282"]
[BlackElo "2282"]
[PlyCount "91"]
[EventDate "2010.04.02"]
[EventType "tourn"]
[EventRounds "5"]
[EventCountry "CAN"]

1. d4 d5 2. c4 c6 3. Nf3 Nf6 4. Nc3 e6 5. e3 Nbd7 6. Bd3 dxc4 7. Bxc4 b5 8. Bd3
a6 9. a4 Bb7 10. Qe2 b4 11. Ne4 Be7 12. O-O O-O 13. Nxf6+ Bxf6 14. Rd1 Qa5 15.
Nd2 e5 16. Nb3 Qc7 17. Qc2 h6 18. a5 Rfc8 19. Nc5 Rd8 20. Ra4 Nxc5 21. dxc5 Bc8
22. Rxb4 Qxa5 23. Bd2 Qc7 24. Ra4 Be6 25. Ba5 Qb7 26. Rb4 Qe7 27. Bxd8 Rxd8 28.
Bh7+ Kh8 29. Rxd8+ Qxd8 30. Be4 Be7 31. h3 Qc8 32. Rb6 f5 33. Bxc6 f4 34. Bb7
Qd7 35. c6 Qc7 36. Rxa6 Kg8 37. exf4 exf4 38. Qe4 Kf7 39. Ra4 Bd6 40. Ba6 Kf6
41. Bd3 Be5 42. Rb4 Qa5 43. Rb7 Qa1+ 44. Kh2 Bd6 45. Qg6+ Ke5 46. Rb5+ 1-0

[Event "2010 Alberta Closed"]
[Site "Edmonton"]
[Date "2010.04.04"]
[Round "4"]
[White "Nguyen, Kim"]
[Black "Gardner, Robert"]
[Result "1/2-1/2"]
[WhiteElo "2170"]
[BlackElo "2320"]
[PlyCount "183"]
[EventDate "2010.04.02"]
[EventType "tourn"]
[EventRounds "5"]
[EventCountry "CAN"]

1. e4 d6 2. d4 Nf6 3. Nc3 g6 4. Be3 a6 5. Qd2 b5 6. f3 Nbd7 7. a4 b4 8. Nd1 a5
9. c3 bxc3 10. bxc3 Bg7 11. Bb5 Bb7 12. Rb1 c6 13. Bd3 Qc7 14. Ne2 O-O 15. O-O
Rfb8 16. Nf2 c5 17. c4 cxd4 18. Nxd4 Nc5 19. Nb5 Qc6 20. Qa2 Nfd7 21. Rfc1 Nb6
22. Bc2 Bc8 23. Nd3 Nbd7 24. Nf4 Kf8 25. Nd5 Rb7 26. Nd4 Bxd4 27. Bxd4 Rab8 28.
Rb5 Ne6 29. Be3 Ne5 30. Bd1 Bd7 31. Be2 Nc5 32. Bxc5 dxc5 33. Qb2 f6 34. Rb1
Bc8 35. f4 Nf7 36. e5 fxe5 37. Bf3 Rxb5 38. axb5 Qe6 39. Re1 Nd6 40. Qc3 e4 41.
Qh8+ Qg8 42. Qxg8+ Kxg8 43. Nxe7+ Kf8 44. Nc6 Rb6 45. Be2 Nb7 46. Ra1 Be6 47.
Nxa5 Nd6 48. g4 Rb8 49. Nc6 Re8 50. Ra4 e3 51. Kg2 Ne4 52. Ra3 Nd2 53. Ne5 g5
54. fxg5 Nxc4 55. Nxc4 Bxc4 56. Kf3 Bd5+ 57. Kf4 Re4+ 58. Kf5 Re7 59. h4 Bb7
60. h5 c4 61. Rc3 Be4+ 62. Kf4 Bd3 63. Kf3 Rf7+ 64. Kxe3 Re7+ 65. Kd4 Rxe2 66.
Ra3 Re4+ 67. Kc3 Re5 68. Ra8+ Ke7 69. g6 hxg6 70. h6 g5 71. h7 Bxh7 72. Ra7+
Kd6 73. Rxh7 Rxb5 74. Kxc4 Ra5 75. Kd4 Ra4+ 76. Ke3 Rxg4 77. Kf3 Rf4+ 78. Kg3
Ke5 79. Re7+ Kf6 80. Ra7 Kg6 81. Ra8 Rb4 82. Rg8+ Kf6 83. Rf8+ Kg7 84. Ra8 Rb1
85. Kg4 Rg1+ 86. Kf5 g4 87. Ra4 g3 88. Rg4+ Kf7 89. Kf4 g2 90. Kf3 Kf6 91. Rxg2
Rxg2 92. Kxg2 1/2-1/2

[Event "2010 Alberta Closed"]
[Site "Edmonton"]
[Date "2010.04.04"]
[Round "4"]
[White "Pechenkin, Vladimir"]
[Black "Reeve, Jeff"]
[Result "0-1"]
[WhiteElo "2434"]
[BlackElo "2312"]
[PlyCount "124"]
[EventDate "2010.04.02"]
[EventType "tourn"]
[EventRounds "5"]
[EventCountry "CAN"]

1. c4 e5 2. g3 Nc6 3. Nc3 g6 4. Bg2 Bg7 5. e4 d6 6. Nge2 f5 7. d3 Nf6 8. O-O
O-O 9. Nd5 Ne7 10. Nxf6+ Bxf6 11. Bh6 Re8 12. Qd2 c6 13. Rfe1 Be6 14. b3 d5 15.
exd5 cxd5 16. Bg5 Bxg5 17. Qxg5 Nc6 18. Qh6 dxc4 19. dxc4 Qf6 20. Rad1 Rad8 21.
h4 e4 22. h5 Qf8 23. Qg5 Qe7 24. Qxe7 Rxe7 25. Rxd8+ Nxd8 26. hxg6 hxg6 27. f3
exf3 28. Bxf3 Bf7 29. Rd1 Ne6 30. Kf2 Ng5 31. Rd8+ Kg7 32. Bg2 Ne6 33. Ra8 b6
34. Nc3 Nc5 35. Rd8 g5 36. Bf3 Kf6 37. b4 Na6 38. b5 Nc5 39. Nd5+ Bxd5 40. Rxd5
Rd7 41. Ke3 Rxd5 42. Bxd5 Ke5 43. Bc6 Ne6 44. Bd5 Nd4 45. Bb7 f4+ 46. gxf4+
gxf4+ 47. Kd3 Ne6 48. Bg2 Nc5+ 49. Kc3 Ne6 50. Kd3 Ng5 51. Bb7 Kd6 52. Kd4 Ne6+
53. Kc3 Kc5 54. Bg2 Nd4 55. Kd3 Nf5 56. Bd5 Nd6 57. a4 Ne8 58. Bc6 Nf6 59. Bf3
Nd7 60. Be2 Ne5+ 61. Ke4 Nxc4 62. Kxf4 Nb2 0-1

[Event "2010 Alberta Closed"]
[Site "Edmonton"]
[Date "2010.04.04"]
[Round "5"]
[White "Gardner, Robert"]
[Black "Haessel, Dale"]
[Result "1/2-1/2"]
[WhiteElo "2320"]
[BlackElo "2282"]
[PlyCount "62"]
[EventDate "2010.04.02"]
[EventType "tourn"]
[EventRounds "5"]
[EventCountry "CAN"]

1. d4 Nf6 2. c4 g6 3. Nc3 d5 4. h4 c6 5. cxd5 cxd5 6. Bf4 Nc6 7. e3 Bg7 8. Be2
O-O 9. h5 Qa5 10. hxg6 hxg6 11. f3 Re8 12. Kf1 e5 13. dxe5 Nxe5 14. Qe1 d4 15.
Nb5 Qxe1+ 16. Kxe1 Nd5 17. Rd1 Bd7 18. Nxd4 Nxf4 19. exf4 Nc4 20. Nb3 Be6 21.
Kf2 Nxb2 22. Rd2 Rad8 23. Rxd8 Rxd8 24. Nh3 Nd3+ 25. Kg3 Nb4 26. Nc5 Bxh3 27.
Kxh3 b6 28. Ne4 Bh6 29. Kg3 Kg7 30. Ng5 Bxg5 31. fxg5 a5 1/2-1/2